| 000 | 00609nam a2200205 4500 | ||
|---|---|---|---|
| 001 | 77322 | ||
| 003 | BD-RjUL | ||
| 005 | 20211209082946.0 | ||
| 008 | 200314s1964 e ||||| |||| 00| 0 eng d | ||
| 035 | _a(BD-RjUL)77547 | ||
| 040 |
_aBD-RjUL _beng _cBD-RjUL |
||
| 041 | _aeng | ||
| 082 |
_a821..7 _bSHS 1964 |
||
| 100 |
_aShelley, percy Bysshe _9240875 |
||
| 245 |
_aSelected poems of Percy Bysshe Shelly / _cby Percy Bysshe Shelley |
||
| 260 |
_aLondon : _bOxford University Press, _c©1913.[1964] |
||
| 300 |
_a480 pages ; _c19 cm |
||
| 600 |
_aShelley, Percy Bysshe, _d1792-1822 _9240880 |
||
| 942 |
_2ddc _cBK |
||
| 999 |
_c77322 _d77322 |
||